| 000 | 00468cam a2200193ua 4500 | ||
|---|---|---|---|
| 020 | _c2.50 | ||
| 041 |
_ahin _h |
||
| 082 |
_a891.54 _bJYO/RA |
||
| 100 | _aJyothirmayi , De . | ||
| 245 |
_aRasayan, Part 2 / _cJyothirmayi De. _hTextual Documents |
||
| 250 |
_a1 / _b. |
||
| 260 |
_aDelhi : _bRajkamal Prakash , _c1960. |
||
| 300 | _a142 ; . | ||
| 365 | _a2.50 | ||
| 504 | _a | ||
| 700 | 1 | _aDeviprasad, Chatopadyay . | |
| 942 | _cBK | ||
| 999 |
_c6416 _d6416 |
||